[Event "FIDE Zone 3.4 Men-ch 2017"]
[Site "Tashkent"]
[Date "2017.06.24"]
[Round "9"]
[White "Abdusattorov, Nodirbek"]
[Black "Esenov, Annaberdi"]
[Result "1-0"]
[WhiteElo "2462"]
[BlackElo "2325"]
[Annotator "TA"]
[PlyCount "140"]
[EventDate "2017.??.??"]
[EventType "swiss"]
[EventCountry "UZB"]
[SourceTitle "playchess.com"]
[Source "ChessBase"]
[SourceQuality "1"]

{[%evp 16,140,35,17,77,67,105,111,104,66,75,75,78,27,38,44,42,23,54,38,54,39,49,33,46,41,49,51,52,38,47,47,61,52,152,135,162,136,134,153,192,159,167,97,97,89,87,70,70,64,64,54,54,50,68,34,37,0,16,-16,0,0,0,0,0,-25,22,-7,44,44,43,37,42,44,52,44,51,51,52,37,37,37,45,37,43,23,44,40,85,0,0,0,0,0,0,0,281,281,325,302,323,324,425,324,426,433,545,545,508,495,558,214,346,0,587,570,600,591,560,563,705,701,635,642,29988,29989,29989]} 1. e4 c5 2. Nf3 d6 3. Bb5+ Nd7 4. O-O a6 5. Bd3 g6 (5... Ngf6 6. Re1 e6 7. c3 b5 8. a4 Bb7 9. Bc2 c4 10. d4 cxd3 11. Qxd3 Nc5 12. Qe2 bxa4 {1-0 (25) Vachier Lagrave,M (2796)-Giri,A (2771) Stavanger 2017}) 6. c3 {B51: Sicilian: Moscow Variation (3 Bb5+) without 3...Bd7} Bg7 7. Bc2 Ne5 8. Nxe5 dxe5 9. d3 {LiveBook: 3 Games} e6 $146 (9... Nf6 $11) ({Predecessor:} 9... Nf6 10. f4 exf4 11. Bxf4 O-O 12. Nd2 b6 {½-½ (31) Bok,B (2532)-Zelbel,P (2385) Dortmund 2013}) 10. a4 $16 Ne7 11. Be3 Qc7 12. Nd2 a5 $1 13. Nc4 O-O 14. Na3 (14. Qd2 $16) 14... b6 $11 15. Bb3 Bb7 16. Bc4 Kh8 17. Rc1 Nc6 18. Nb5 Qe7 19. Rb1 Rad8 20. Qb3 Ba8 21. f3 h6 22. Rfd1 Kh7 23. Na3 Qb7 24. Bb5 Ne7 (24... Rb8 $14) 25. Qc2 Rc8 26. Nc4 Rfd8 27. b4 Qa7 28. bxa5 bxa5 29. Na3 (29. Qf2 $18) 29... g5 $16 30. Bc4 Ng6 31. Rb5 Bf8 32. Rdb1 Bc6 33. Rb6 Qd7 $1 34. Qa2 Ra8 35. g3 Be7 36. Qf2 Rdc8 37. Ra1 Qd8 38. Rb2 Bxa4 39. Nb5 Bxb5 $1 40. Rxb5 Qc7 41. Qb2 a4 (41... Rab8 $11) 42. Qc2 $14 {[%mdl 1024] White has compensation.} Qa7 43. Rb2 (43. Rb4 $5 cxb4 44. Bxa7 Rxa7 45. cxb4 $14 (45. Rxa4 Bc5+ 46. Kf1 Rxa4 $11)) 43... a3 44. Rba2 Rcb8 45. Bc1 Qb6 46. Rxa3 Rxa3 47. Bxa3 Kg7 48. Bc1 h5 49. Kg2 h4 50. Qf2 hxg3 51. hxg3 Rh8 52. Be3 (52. Qb2 $16 Qd8 53. Be3) 52... Nf4+ $11 53. gxf4 gxf4 54. Bd2 {[#] Strongly threatening Rh1.} Bh4 $1 55. Qe2 {Rh1 is the strong threat.} Qb2 $2 {[%mdl 8192]} (55... Kf6 $11) 56. Rh1 $18 Kf6 {intending ...Rg8+.} 57. Qd1 Ke7 58. Kf1 Kf6 59. Qc1 Qb8 60. Ke2 Bg3 61. Rxh8 Qxh8 62. Qg1 Qh3 63. Be1 $2 (63. Bc1) 63... Qh4 (63... Bxe1 {might work better.} 64. Qxe1 Qg2+ 65. Qf2 Qh1 66. Qxc5 Qc1) 64. Bd2 $2 ({White should try} 64. Bb3 $18) 64... Qh8 $2 {[%mdl 8192]} (64... Qh3 $1 $11 65. d4 cxd4 66. cxd4 Qh4) 65. d4 cxd4 66. cxd4 Qc8 67. Kd3 {[#] And now dxe5+ would win.} exd4 68. Qxd4+ Kg6 69. Bc3 {White wants to mate with Qg7+.} Qb7 70. Kc2 Qc6 {Precision: White = 42%, Black = 47%.} 1-0

[Event "FIDE Zone 3.4 Men-ch 2017"]
[Site "Tashkent"]
[Date "2017.06.24"]
[Round "9"]
[White "Tologontegin, Semetey"]
[Black "Odeev, Handszar"]
[Result "0-1"]
[WhiteElo "2439"]
[BlackElo "2405"]
[Annotator "TA"]
[PlyCount "80"]
[EventDate "2017.??.??"]
[EventType "swiss"]
[EventCountry "UZB"]
[SourceTitle "playchess.com"]
[Source "ChessBase"]
[SourceQuality "1"]

{[%evp 9,80,-4,8,-10,-7,-2,0,-5,62,-3,-7,-6,26,13,24,7,25,25,25,25,26,20,29,18,27,15,50,0,9,-16,0,-9,-10,-24,-26,-32,-33,-64,-62,-137,-153,-214,-217,-229,-234,-345,-328,-325,-358,-349,-341,-337,-343,-611,-611,-620,-604,-521,-518,-955,-934,-2051,-1992,-29974,-29975,-29983,-29978,-29989,-29990,-29991,-29992,-29992,-29986]} 1. d4 Nf6 2. Nc3 d5 3. Bf4 Bf5 (3... a6 4. e3 e6 5. g4 c5 6. g5 Nfd7 7. Nf3 Nc6 8. a3 b5 9. h4 Bb7 10. h5 Nb6 11. Ne5 Nxe5 12. Bxe5 {1-0 (26) Carlsen,M (2832)-Caruana,F (2808) Stavanger 2017}) 4. f3 Bg6 5. g4 {[%cal Bg2g4,Bg4g5][%mdl 32]} e6 6. h4 {Hoping for h5. D00: 1 d4 d5: Unusual lines} h5 7. g5 Nfd7 8. e3 {The position is equal.} c5 (8... a6 $11) 9. Bd3 (9. Nb5 $1 $14 Na6 10. Ne2) 9... Bxd3 $11 10. Qxd3 g6 $146 ({Predecessor:} 10... Nc6 11. g6 {1-0 (59) Boguszlavszkij,J (2235)-Lukacs,P (2414) Hungary 2010}) 11. Nge2 (11. Nb5 $5 {[%cal Rb5c7]} Qa5+ 12. b4 $1 {[%mdl 512]} cxb4 13. Nc7+ Ke7 14. Nxa8 $18) 11... Nc6 12. O-O-O $1 $36 {[%mdl 2048] Threatening e4. White is more active.} c4 13. Qd2 Bb4 14. e4 O-O 15. a3 Ba5 16. Bd6 Re8 17. Qf4 Nb6 18. Rhg1 (18. Be5 $5) 18... Qd7 19. Qh2 Rad8 20. Bc7 Rc8 21. Bxb6 (21. Bf4 {feels hotter.} a6 22. Kb1 Na7 23. Be5 Nb5 24. Qf4) 21... Bxb6 22. f4 Ne7 23. Ng3 Ba5 24. Nge2 {[#]} (24. Qf2 $15) 24... b5 $1 $17 {[%cal Bb7b5,Bb5b4][%mdl 32]} 25. Rgf1 (25. Qg2 $17) 25... Bxc3 $19 26. Nxc3 {[#]} a5 $1 27. Qh3 (27. a4 {was called for.} b4 28. Nb5) 27... b4 28. Nxd5 Nxd5 29. exd5 Qxd5 30. Qf3 Qb5 31. axb4 $2 (31. Kb1 c3 32. Qd3) 31... axb4 32. c3 Ra8 33. cxb4 Ra1+ 34. Kc2 (34. Kd2 $142 Ra4 35. Rf2) 34... Ra4 35. Ra1 Rxb4 36. Ra2 Rb8 {Black mates.} 37. Rb1 {[#]} c3 $1 {[%cal Bc4c3,Bc3b2][%mdl 544]} 38. Qd3 (38. bxc3 Rxb1) 38... Qd5 39. Ra3 Rxb2+ 40. Rxb2 cxb2 {Precision: White = 28%, Black = 77%.} 0-1

[Event "FIDE Zone 3.4 Men-ch 2017"]
[Site "Tashkent"]
[Date "2017.06.24"]
[Round "9"]
[White "Kostenko, Petr"]
[Black "Fayzullaev, Akmal"]
[Result "1/2-1/2"]
[WhiteElo "2438"]
[BlackElo "2391"]
[Annotator "TA"]
[PlyCount "81"]
[EventDate "2017.??.??"]
[EventType "swiss"]
[EventCountry "UZB"]
[SourceTitle "playchess.com"]
[Source "ChessBase"]
[SourceQuality "1"]

{[%evp 9,81,0,8,0,23,11,12,20,21,22,27,26,24,18,21,9,38,45,45,16,50,31,36,37,41,25,8,-33,-18,-39,-28,-31,-33,-30,-25,-38,-23,-23,-20,-12,0,0,0,0,0,0,0,0,14,0,0,-2,-4,-4,0,-64,-47,-45,-45,-34,-9,-8,-9,-8,-8,-12,0,0,0,0,0,0,0,-378]} 1. d4 Nf6 2. Bf4 g6 3. Nc3 c5 (3... d5 4. e3 Bg7 5. h4 c6 6. Nf3 Bg4 7. Be2 Nbd7 8. Ne5 Bxe2 9. Qxe2 h5 10. O-O-O Qa5 11. Kb1 {1-0 (44) Karjakin,S (2781)-Giri,A (2771) Stavanger 2017}) 4. dxc5 Qa5 5. Qd4 $146 ({Predecessor:} 5. e4 Bg7 6. Bd3 Na6 7. Nf3 Nxc5 8. O-O d6 9. Nd2 Bg4 10. Qb1 Qc7 11. Nb3 {0-1 (45) Cacho Reigadas,S (2511)-Rodshtein,M (2678) Bilbao 2014}) 5... Bg7 {[#] Hoping for ...Nh5.} 6. Bd2 {A45: Trompowsky Attack} O-O 7. Nd5 Qd8 $1 8. Bc3 Nc6 9. Nxf6+ Bxf6 10. Qd2 Bxc3 11. Qxc3 b6 12. e3 bxc5 13. Qxc5 Rb8 14. Rb1 Nb4 15. a3 $1 {[%cal Ra3b4]} ({Reject} 15. Qxa7 Bb7 $17) 15... d6 16. Qc3 $1 Nd5 {[%cal Bb4d5,Bd5b6,Bb6c4][%mdl 32]} 17. Qd4 Be6 18. Ne2 (18. e4 $5 {[%cal Re4d5]} Nf6 19. Bd3 $11) 18... Qc7 {[%mdl 1024] Black has compensation.} 19. c3 Rfc8 20. Qd2 Nb6 {[#] And now ...Nc4 would win.} 21. Nd4 Ba2 22. Rc1 Nc4 23. Bxc4 $1 Bxc4 24. b4 Qb7 25. f3 e5 26. Ne2 Qa6 $36 {[%mdl 2048] Strongly threatening ...Bxe2. Black is pushing.} 27. Ng3 d5 28. Kf2 $1 Bd3 ({Don't blunder} 28... Qxa3 $2 29. Ra1 $18) (28... e4 $5) 29. Rhd1 (29. a4 $5 {[%cal Rb4b5]} Bc4 30. a5 $11) 29... e4 $1 30. Ne2 Bxe2 31. Qxe2 Qxa3 32. Qc2 (32. fxe4 $11 dxe4 33. Qd2) 32... exf3 33. Kxf3 Rb5 34. Qd3 Rc4 35. Ra1 {The position is equal.} Qxc3 36. Qxc3 Rxc3 37. Rxa7 $11 {KRR-KRR} Rb3 38. Rd7 R3xb4 39. R1xd5 Rxd5 40. Rxd5 Rb2 41. Ke4 $2 {[%mdl 40960] Precision: White = 65%, Black = 67%. . An unexpected result.} (41. h3 $11) 1/2-1/2

[Event "FIDE Zone 3.4 Men-ch 2017"]
[Site "Tashkent"]
[Date "2017.06.24"]
[Round "9"]
[White "Begmuratov, Alisher"]
[Black "Atabayev, Maksat"]
[Result "1-0"]
[WhiteElo "2398"]
[BlackElo "2498"]
[Annotator "TA"]
[PlyCount "101"]
[EventDate "2017.??.??"]
[EventType "swiss"]
[EventCountry "UZB"]
[SourceTitle "playchess.com"]
[Source "ChessBase"]
[SourceQuality "1"]

{[%evp 18,101,4,-10,0,0,45,0,25,0,15,15,77,54,110,65,61,62,62,30,38,31,45,30,32,44,52,23,25,9,9,0,77,16,26,30,97,97,102,95,103,101,137,143,158,150,308,352,352,352,352,350,340,340,340,340,339,333,354,408,412,395,553,541,598,577,730,724,1148,866,2757,2686,6748,5298,29981,29982,29983,29984,29984,29985,29985,29986,29986,29987,29987,29988]} 1. c4 Nf6 2. Nf3 g6 3. b3 Bg7 4. Bb2 O-O 5. g3 Nc6 6. Bg2 d6 7. d4 e5 8. dxe5 Nd7 9. O-O dxe5 {A49: 1 d4 Nf6 2 Nf3 g6 3 g3: Anti-King's Indian systems} 10. Nfd2 {LiveBook: 4 Games} a5 11. Nc3 Ra6 $146 {The position is equal.} ({Predecessor:} 11... Re8 12. Na4 Ra6 13. Ne4 Nd4 14. e3 Ne6 15. Qc2 f5 16. Nec3 {1-0 (33) Bindrich,F (2564)-Bosiocic,M (2542) Austria 2014}) 12. Na4 f5 13. e4 Nb4 14. Qe2 c5 (14... f4 $11) 15. Nf3 Nc6 (15... f4 $14) 16. Rad1 {Threatens to win with Nxc5!} Nd4 17. Nxd4 exd4 {[#]} 18. e5 $1 {[%mdl 512]} Qc7 (18... Nxe5 19. Nxc5) 19. Bd5+ Kh8 20. f4 Nb6 21. Nxb6 Rxb6 22. Qd2 Ra6 23. a4 Rd8 24. Qg2 $36 {[%mdl 2048] White fights for an advantage.} Be6 (24... b6 $11) 25. Bf3 ({Better is} 25. Bxb7 $16 Rb6 26. Bd5) 25... Rb6 26. Rd3 g5 (26... Rd7 $11) 27. fxg5 $16 Bxe5 28. Bc1 Bc8 29. Bd5 Rg6 30. h4 Rg7 31. Rdf3 $1 Rf8 $2 (31... Qe7 $16) 32. g4 $1 $18 f4 33. Qh2 Re7 34. Bxf4 Rxf4 35. Rxf4 Bxf4 36. Rxf4 {Rf8+ would kill now.} ({Weaker is} 36. Qxf4 Qxf4 37. Rxf4 Kg7 $16) 36... Re1+ {[#]} 37. Kg2 $1 Qe7 {aiming for ...Re2+.} ({Much weaker is} 37... Re2+ 38. Kf1 $18) 38. Qg3 {Threatening mate with Qxe1!} Re3 {[#]} 39. Rf3 $1 Rxf3 40. Qxf3 b6 41. Be4 Be6 42. Qf4 Bf7 43. h5 Qe6 44. Qf6+ Qxf6 45. gxf6 {[%mdl 4096] Endgame KB-KB} h6 46. Kg3 {White mates.} Kg8 {[#]} 47. g5 $1 {[%mdl 512]} hxg5 48. Kg4 Kh8 49. Kxg5 Bg8 50. h6 Bf7 51. Bg6 {Precision: White = 64%, Black = 33%.} 1-0

[Event "FIDE Zone 3.4 Men-ch 2017"]
[Site "Tashkent"]
[Date "2017.06.24"]
[Round "9"]
[White "Sattarov, Bobir"]
[Black "Atabayev, Saparmyrat"]
[Result "0-1"]
[WhiteElo "2389"]
[BlackElo "2436"]
[Annotator "TA"]
[PlyCount "60"]
[EventDate "2017.??.??"]
[EventType "swiss"]
[EventCountry "UZB"]
[SourceTitle "playchess.com"]
[Source "ChessBase"]
[SourceQuality "1"]

{[%evp 17,60,3,14,0,26,21,75,24,34,32,24,-27,-16,-21,-12,-26,-13,-31,-22,-87,-88,-75,-71,-78,-46,-161,-169,-147,-147,-165,-177,-311,-292,-661,-678,-667,-645,-640,-607,-662,-601,-935,-893,-1071,-1072]} 1. d4 Nf6 2. Nf3 g6 3. Bf4 Bg7 4. e3 O-O 5. c3 d6 6. h3 Nbd7 7. Be2 Qe8 8. O-O e5 9. Bh2 Qe7 10. Na3 {A48: 1 d4 Nf6 2 Nf3 g6: Torre, London and Colle Systems} (10. Qb3 Re8 11. Rd1 e4 12. Nfd2 Nf8 13. c4 h5 14. Nc3 c6 15. Qa3 Rd8 16. b4 Bf5 17. Rac1 g5 {½-½ (124) Zurek,M (2451)-Movsesian,S (2654) Czechia 2002}) 10... e4 11. Nd2 Re8 (11... Ne8 $11 {keeps the balance.}) 12. Nac4 ({White should try} 12. Nb5 $16 Qd8 13. c4) 12... Nf8 13. a4 h5 14. f4 $146 (14. Bg3 $142) ({Predecessor:} 14. b4 N8h7 15. b5 Bd7 16. Qb3 g5 17. a5 b6 18. axb6 axb6 {0-1 (41) Teglas,B (2173)-Petenyi,T (2251) Hungary 2008}) 14... Nd5 $11 15. g4 hxg4 16. hxg4 f5 17. g5 Be6 18. a5 (18. Bg3 $11) 18... b5 $17 19. axb6 axb6 {...b5 is the strong threat.} 20. Kf2 c5 {And now ...cxd4 would win.} 21. Rxa8 (21. Na3 $1 $15) 21... Rxa8 $19 22. Qb3 Qc7 23. Nb1 Rb8 $36 {[%mdl 2048] White must now prevent ...b5. Black is in control.} 24. Nba3 {[#]} (24. Qb5 $142) 24... b5 $1 {[%cal Rb5c4][%mdl 512]} 25. Qxb5 $2 (25. Nxb5 Qd7 26. dxc5 dxc5 27. Rd1 Qxb5 28. Qxb5 Rxb5 29. Rd2) 25... Rxb5 {Black is clearly winning.} 26. Nxb5 Qb8 27. Ncxd6 cxd4 28. exd4 Nd7 29. Ra1 Bf8 30. Ra6 N5b6 {Precision: White = 24%, Black = 56%.} 0-1

[Event "FIDE Zone 3.4 Men-ch 2017"]
[Site "Tashkent"]
[Date "2017.06.24"]
[Round "9"]
[White "Sindarov, Javokhir"]
[Black "Khusenkhojaev, Muhammad"]
[Result "1/2-1/2"]
[WhiteElo "2385"]
[BlackElo "2424"]
[Annotator "TA"]
[PlyCount "37"]
[EventDate "2017.??.??"]
[EventType "swiss"]
[EventCountry "UZB"]
[SourceTitle "playchess.com"]
[Source "ChessBase"]
[SourceQuality "1"]

{[%evp 24,37,23,-2,13,-20,1,-5,0,0,0,-6,-5,0,0,-10]} 1. e4 e5 2. Nf3 Nf6 3. Nxe5 d6 4. Nf3 Nxe4 5. d3 Nf6 6. d4 d5 7. Bd3 Bd6 8. O-O O-O 9. Bg5 Bg4 10. c3 Nbd7 11. Nbd2 c6 12. Qc2 Qc7 13. Rae1 Rfe8 {The position is equal. C01: French: Exchange Variation} 14. Bf5 (14. Bh4 Bh5 15. Bg3 Bg6 16. Bxg6 hxg6 17. Bxd6 Qxd6 18. Qd3 Qf4 19. g3 Qf5 20. Qxf5 gxf5 21. Rxe8+ Rxe8 {½-½ (33) Liang,A (2478)-Akobian,V (2625) Atlantic City 2016}) 14... Bh5 $146 ({Predecessor:} 14... Bxf5 15. Qxf5 Rxe1 16. Rxe1 Re8 17. h3 Rxe1+ 18. Nxe1 h6 19. Bxf6 Nxf6 20. Nd3 Qe7 21. Ne5 Bxe5 22. dxe5 Nd7 23. f4 Qc5+ 24. Kh2 Nf8 25. Nf3 Ne6 26. Nd4 Nxd4 27. cxd4 Qxd4 28. Qc8+ {½-½ (26) Bostl,F (2199)-Boukal,P (2158) Czech Republic 2016}) 15. Bh4 Bg6 16. Bxg6 hxg6 17. Bg3 Bxg3 18. hxg3 a6 19. Rxe8+ 1/2-1/2